|
|
|
|
| LEADER |
00000nab a2200000 a 4500 |
| 001 |
vtls011426795 |
| 003 |
SK-MaSNL |
| 005 |
20260304165502.0 |
| 008 |
151208c2015 xo er p 000 c0ukr |
| 015 |
|
|
|a SNBRB2015/12
|
| 038 |
|
|
|a SVKPOCL
|
| 040 |
|
|
|a SVKPOCL
|b slo
|c SVKPOCL
|e AACR2
|
| 041 |
0 |
|
|a ukr
|
| 044 |
|
|
|a xo
|c SK
|
| 080 |
|
|
|a 80(=16)+908(4)
|2 2011
|
| 080 |
|
|
|a 80(=161.25)+908(437.6)
|2 2011
|
| 080 |
|
|
|a 7.071.1
|2 2011
|
| 080 |
|
|
|a 76
|2 2011
|
| 080 |
|
|
|a 929 Hrabovs'kyj, Emilijan
|2 2011
|
| 100 |
1 |
|
|a Lattová, Teodózia,
|d 1949-
|4 aut
|9 110367
|
| 245 |
1 |
0 |
|a [Hrabovs'kyj, Emilijan]
|c [avtor] -tl-
|
| 500 |
|
|
|a -tl- pozri Lattová, Teodózia
|
| 500 |
|
|
|a V rubrike Istoričnŷj kalendar
|
| 600 |
1 |
7 |
|a Hrabovs'kyj, Emilijan,
|d z. 1955
|2 svkpocl
|9 1495745
|
| 650 |
0 |
7 |
|a maliari
|2 svkpocl
|9 3150
|
| 650 |
0 |
7 |
|a rusinistika
|2 svkpocl
|9 90871
|
| 650 |
0 |
7 |
|a slavistika
|2 svkpocl
|9 4282
|
| 650 |
0 |
7 |
|a grafika
|2 svkpocl
|9 814
|
| 651 |
|
7 |
|a Užhorod (Ukrajina)
|2 svkpocl
|9 26707
|
| 651 |
|
7 |
|a Budapešť (Maďarsko)
|2 svkpocl
|9 17734
|
| 773 |
0 |
|
|t Info Rusyn
|g Roč. XII , č. 19 (2015), s. 10
|
| 852 |
|
|
|a SVKPO
|b KIS3GCP
|
| 856 |
4 |
1 |
|u www.rusyn.sk
|
| 958 |
|
|
|a RN
|
| 958 |
|
|
|a SK
|
| 958 |
|
|
|a SS
|
| 958 |
|
|
|a UA
|
| 958 |
|
|
|a BC
|
| 958 |
|
|
|a HU
|
| 999 |
|
|
|c 2984331
|d 2986261
|